1329 1802 1814 1313 1280 1237 1359 1875 1579 1406 1496 1222 1722 1201 1761 1481 1195 1598 1506 1143 1233 1641 1082 1970 1732 1129 1134 1313 1837 1611 1003 1689 1374 1207 1197 1667 1731 1023 1823 1474 1368 1781 1955 1359 1608 1389 1061 1811 1364 1316 1368 1992 1290 1912 1007 1667 1989 1879 1541 1734 1207 1761 1200 1705 1589 1125 1004 1055 1131 1408 1352 1514 1521 1282 1630 1211 1139 1107 1543 1904 1834 1088 1145 1132 1110 1416 1614 1803 1323 1197 1101 1791 1380 1579 1710 1054 1511 1381 1287 BCNSPRNW ULIB Ver.6.0+V

เปลี่ยนเป็นภาษาไทย

Change to English
 แสดงรายละเอียดบรรณานุกรม
  กลับหน้าหลัก

Brief Record : Get Marc (ISO 2709) : E-mail record : QR code < ปิดหน้าต่าง
LEADER : 00000nam 2200000uu 4500
001    13399127424
003     ULIB
008    200520s2555||||th 000 0 tha d
020    ^a9786162751141
050  4 ^aBF637.C45^bส284ย
100 0  ^aสมศักดิ์ เหลืองอัครเดช
245 10 ^a27 วิธี ครองใจคน /^cสมศักดิ์ เหลืองอัครเดช
250    ^aพิมพ์ครั้งที่ 6
260    ^aกรุงเทพฯ :^bDดี,^c2555
300    ^a208 หน้า ;^bภาพประกอบ ;^c21 ซม.
500    ^aระบุพิมพ์ครั้งที่ 6 จากหน้าปก
650  0 ^aRelationships between person
650  0 ^aInterpersonal relations
650  4 ^aการสื่อสารระหว่างบุคคล
650  4 ^aความสัมพันธ์ระหว่างบุคคล
650  4 ^aมนุษยสัมพันธ์
650  4 ^aการจูงใจ (จิตวิทยา)
650  4 ^aจิตวิทยาประยุกต์
945    ^p220^l0^i007098
999    ^aประนอม เกษจรัล
รายการนี้ยังไม่มีแท็ก
คุณยังไม่ได้ล็อกอิน คุณสามารถมีกิจกรรมร่วมกับเว็บไซต์ได้ แต่ต้องล็อกอินก่อน ::
  ล็อกอิน

รายการสื่อสารสนเทศ

ลำดับที่ ประเภท เลขเรียก/บาร์โค้ด สถานที่ สถานะ
1. การศึกษาทั่วไป
การศึกษาทั่วไป
BF637.C45 ส284ย ฉ.1 
  Barcode: 007098
ห้องสมุดวิทยาเขตสวรรค์ประชารักษ์
►หนังสือทั่วไป
บนชั้น

รายการใกล้เคียง
    ผู้แต่ง [สมศักดิ์ เหลืองอัครเดช]

    หัวเรื่อง [Relationships between person]
    หัวเรื่อง [Interpersonal relations]
    หัวเรื่อง [การสื่อสารระหว่างบุคคล]
    หัวเรื่อง [ความสัมพันธ์ระหว่างบุคคล]
    หัวเรื่อง [มนุษยสัมพันธ์]
    หัวเรื่อง [การจูงใจ (จิตวิทยา)]
    หัวเรื่อง [จิตวิทยาประยุกต์]

BibComment


ยังไม่เคยถูกคอมเมนท์

คอมเมนท์ทรัพยากรรายการนี้
  คอมเมนท์: 27 วิธี ครองใจคน..


 Copyright 2026. Bcnsprnw @Library